[Event "Reykjavik"]
[Site "?"]
[Date "1991.??.??"]
[Round "?"]
[White "Chandler, M."]
[Black "Karpov, An"]
[Result "1/2-1/2"]
[WhiteElo "2605"]
[BlackElo "2730"]
[PlyCount "237"]
[EventDate "1991.??.??"]
[Source "ChessBase"]
[SourceDate "1991.06.01"]

1. e4 e5 2. Nf3 Nc6 3. Nc3 Nf6 4. Bb5 Bb4 5. O-O O-O 6. d3 d6 7. Bg5 Bxc3 8. bxc3 Bd7 9. Rb1 a6 10. Ba4 Rb8 11. Bb3 h6 12. Bh4 Qe7 13. Re1 Na5 14. d4 Rbd8 15. h3 Kh7 16. Qc1 Nxb3 17. axb3 Bc8 18. Qe3 b6 19. c4 Rde8 20. b4 Rg8 21. dxe5 dxe5 22. Bg3 Nd7 23. Red1 f6 24. Nh4 Qf7 25. Rb3 Nb8 26. c5 b5 27. Rbd3 Nc6 28. c3 a5 29. bxa5 Nxa5 30. c6 Nxc6 31. Rd5 b4 32. Rc5 Nb8 33. cxb4 Na6 34. Rc3 Nxb4 35. Qa7 Na6 36. Ra1 Re6 37. f3 Qd7 38. Bf2 Rc6 39. Rxc6 Qxc6 40. Nf5 Re8 41. Ne3 Qb7 42. Nd5 Qxa7 43. Bxa7 Bb7 44. Rc1 Bxd5 45. exd5 Rd8 46. Rc6 Nb4 47. Rxc7 Rxd5 48. Rb7 Nc6 49. Be3 Nd8 50. Rb2 Ne6 51. Rd2 Rb5 52. Kf2 Kg6 53. Rd6 Rb2+ 54. Rd2 Rb4 55. Ra2 h5 56. Ke1 h4 57. Rd2 Kf5 58. Rc2 Nf4 59. Bd2 Ra4 60. Kf1 Nh5 61. Kf2 Ng3 62. Be1 Ke6 63. Rb2 Nf5 64. Rb6+ Kd7 65. Rb2 Kc6 66. Rc2+ Kd5 67. Rd2+ Nd4 68. Rb2 Kc4 69. Kf1 Ra1 70. Kf2 f5 71. Bb4 Ne6 72. Bd2 Kd3 73. Be1 Nd4 74. Rd2+ Kc4 75. Rb2 e4 76. fxe4 fxe4 77. Bd2 Kd3 78. Bf4 Ra3 79. Rd2+ Kc4 80. Rb2 Nf5 81. Rc2+ Kd4 82. Rd2+ Kc3 83. Re2 Ra4 84. Re1 Ra2+ 85. Kf1 Kd3 86. Rd1+ Kc4 87. Rc1+ Kd5 88. Rd1+ Ke6 89. Re1 Ra4 90. Kf2 Kf6 91. Re2 g5 92. Bc1 Rc4 93. Re1 Rc2+ 94. Kg1 Ng3 95. Be3 Kg6 96. Bf2 Kf5 97. Be3 Ne2+ 98. Kf1 Nf4 99. Ra1 Nxg2 100. Ra5+ Ke6 101. Ra6+ Kd5 102. Ra5+ Kc4 103. Ra4+ Kc3 104. Bxg5 e3 105. Bf6+ Kb3 106. Re4 Rf2+ 107. Kg1 Rxf6 108. Kxg2 Rf2+ 109. Kg1 Rf3 110. Kg2 Rg3+ 111. Kf1 Rxh3 112. Ke2 Ka2 113. Rd4 Ka3 114. Re4 Kb3 115. Rf4 Rh1 116. Kxe3 h3 117. Kf2 Kc3 118. Kg3 Kd3 119. Rh4 1/2-1/2

[Event "Madrid"]
[Site "?"]
[Date "1996.??.??"]
[Round "?"]
[White "Adams, Mi"]
[Black "Kortchnoi, V."]
[Result "1/2-1/2"]
[WhiteElo "2660"]
[BlackElo "2645"]
[PlyCount "79"]
[EventDate "1996.??.??"]
[Source "ChessBase"]
[SourceDate "1996.02.01"]

1. e4 e5 2. Nf3 Nc6 3. Nc3 Nf6 4. Bb5 Bb4 5. O-O O-O 6. d3 d6 7. Bg5 Ne7 8. Nh4 Bxc3 9. bxc3 Ng6 10. Nxg6 fxg6 11. Bc4+ Kh8 12. f4 Qe8 13. fxe5 dxe5 14. Qb1 b6 15. Qb3 Bd7 16. a4 h6 17. Rxf6 Rxf6 18. Bxf6 gxf6 19. Bf7 Qe7 20. Bxg6 Be6 21. Qb4 Qg7 22. Bf5 Rg8 23. g3 c5 24. Qb1 Bxf5 25. exf5 h5 26. Qf1 Qg4 27. Kg2 Rg5 28. Qf3 Qxf3+ 29. Kxf3 Rxf5+ 30. Kg2 c4 31. a5 e4 32. axb6 axb6 33. dxe4 Ra5 34. Rb1 Ra2 35. Rxb6 Rxc2+ 36. Kh3 Kg7 37. Rc6 Rxc3 38. Kh4 Rc2 39. h3 Rc3 40. Kxh5 1/2-1/2

[Event "Horgen"]
[Site "?"]
[Date "1994.??.??"]
[Round "?"]
[White "Shirov, A."]
[Black "Leko, P."]
[Result "1/2-1/2"]
[WhiteElo "2740"]
[BlackElo "2555"]
[PlyCount "111"]
[EventDate "1994.??.??"]
[Source "ChessBase"]
[SourceDate "1994.06.01"]

1. e4 e5 2. Nf3 Nc6 3. Nc3 Nf6 4. Bb5 Bb4 5. O-O O-O 6. d3 Bxc3 7. bxc3 d6 8. Re1 h6 9. d4 Bd7 10. h3 Re8 11. Bd3 b6 12. Bb2 Nh7 13. Nd2 Ne7 14. Bf1 Ng6 15. g3 Nf6 16. Bg2 Qc8 17. Kh2 Qa6 18. c4 Ba4 19. Re3 Bc6 20. f4 Qb7 21. d5 Bd7 22. f5 Nf8 23. g4 g5 24. fxg6 fxg6 25. Nf1 g5 26. Rf3 Kg7 27. Ng3 Ng6 28. Qd2 Rf8 29. Raf1 Nh7 30. Nf5+ Bxf5 31. exf5 Ne7 32. Qb4 Rae8 33. a4 Nf6 34. a5 Neg8 35. Ra3 Nd7 36. axb6 axb6 37. h4 Ngf6 38. hxg5 hxg5 39. Qd2 Kf7 40. Rfa1 Nxg4+ 41. Kg1 b5 42. c5 Nxc5 43. Qxg5 Rg8 44. Qh5+ Ke7 45. Qh7+ Kf6 46. Qh4+ Kf7 47. Qh5+ Ke7 48. Qh7+ Kf6 49. Bd4 exd4 50. Rg3 Qc8 51. Qh4+ Kf7 52. Rxg4 Rh8 53. Rg7+ Kxg7 54. Qg5+ Kf7 55. Qg6+ Kf8 56. Qf6+ 1/2-1/2

[Event "35th World Open"]
[Site "King of Prussia USA"]
[Date "2007.06.04"]
[Round "8"]
[White "Najer, E."]
[Black "Fridman, D2."]
[Result "1-0"]
[WhiteElo "2624"]
[BlackElo "2635"]
[PlyCount "75"]
[EventDate "2007.06.30"]
[Source "www.chesslib.no"]
[SourceDate "2004.05.04"]

1. e4 e5 2. Nf3 Nc6 3. Nc3 Nf6 4. Bb5 Bb4 5. O-O O-O 6. d3 d6 7. Bg5 Bxc3 8. bxc3 Bd7 9. a4 h6 10. Bh4 a6 11. Bc4 Be6 12. Nd2 Na5 13. Ba2 Bxa2 14. Rxa2 Qe7 15. Qf3 g5 16. Bg3 Ne8 17. d4 Ng7 18. Raa1 c5 19. Qd3 cxd4 20. cxd4 Rac8 21. c4 Nc6 22. d5 Nd4 23. f4 Nh5 24. fxe5 Nxg3 25. hxg3 Qxe5 26. Rab1 Rc7 27. c5 f5 28. exf5 dxc5 29. Nc4 Qxd5 30. f6 Kh8 31. Rb6 g4 32. Rd6 Qh5 33. Re1 Re8 34. Ne5 Kg8 35. Qc4+ Kh7 36. Rxd4 Rxe5 37. Qd3+ Rf5 38. Rd7+ 1-0

[Event "Garmisch"]
[Site "Garmisch"]
[Date "1994.??.??"]
[Round "14"]
[White "Short, Nigel D"]
[Black "Lobron, Eric"]
[Result "1/2-1/2"]
[WhiteElo "2665"]
[BlackElo "2580"]
[PlyCount "104"]
[EventDate "1994.??.??"]
[Source "ChessBase"]

1. e4 e5 2. Nf3 Nc6 3. Nc3 Nf6 4. Bb5 Bb4 5. O-O O-O 6. d3 d6 7. Bg5 Bxc3 8. bxc3 h6 9. Bh4 Qe7 10. Re1 Bd7 11. Rb1 Kh8 12. Qc1 Rg8 13. d4 g5 14. Bg3 a6 15. Bxc6 Bxc6 16. dxe5 Nxe4 17. exd6 cxd6 18. Nd4 Qd7 19. c4 Rae8 20. Rb3 Kh7 21. f3 Nxg3 22. hxg3 Re5 23. Rbe3 Rge8 24. c3 Kg8 25. g4 Qd8 26. Nf5 Qf6 27. Qd2 R8e6 28. Kf2 h5 29. Rxe5 Rxe5 30. Rxe5 dxe5 31. c5 hxg4 32. fxg4 Be4 33. Qd7 Kh7 34. g3 Bc6 35. Qd2 Kg6 36. Ke3 Qh8 37. Qd6+ Qf6 38. Qf8 Kh7 39. Qd6 Qe6 40. Qxe6 fxe6 41. Ne7 Bd5 42. a3 Kg7 43. Nc8 Kf6 44. Nd6 Kg6 45. Ne4 Bb3 46. Nd2 Bd5 47. c4 Bc6 48. Ne4 Bxe4 49. Kxe4 Kf6 50. a4 a5 51. Ke3 Kg6 52. Ke4 Kf6 1/2-1/2

[Event "Chessfriend.com"]
[Site "?"]
[Date "2004.05.07"]
[Round "1"]
[White "Gutsche Dieter"]
[Black "Morgado Juan Sebastián"]
[Result "1/2-1/2"]
[WhiteElo "2639"]
[BlackElo "2596"]
[PlyCount "104"]
[EventDate "2004.??.??"]
[Source "www.chesslib.no"]
[SourceDate "2004.05.04"]

1. e4 e5 2. Nf3 Nc6 3. Nc3 Nf6 4. Bb5 Bb4 5. O-O O-O 6. d3 d6 7. Bg5 Bxc3 8. bxc3 Qe7 9. Re1 Nd8 10. d4 Ne6 11. Bc1 Rd8 12. Bf1 c5 13. a4 h6 14. g3 Qc7 15. d5 Nf8 16. Nh4 Ng6 17. Nxg6 fxg6 18. f4 Rf8 19. fxe5 dxe5 20. Bg2 Bd7 21. c4 Rf7 22. Rf1 Raf8 23. Bb2 Qd6 24. Qd2 g5 25. Qc3 Re7 26. a5 Rff7 27. Ba3 Bc8 28. Rab1 Bg4 29. Qe3 Rc7 30. Rb5 Nd7 31. Rxf7 Kxf7 32. h3 Bh5 33. Qf2+ Kg8 34. Qf5 Be2 35. Bf1 Bxf1 36. Qxf1 b6 37. Bb2 Rc8 38. Qf5 Re8 39. axb6 g6 40. Qg4 axb6 41. Rb3 Nf6 42. Qe2 Ra8 43. Ra3 Rxa3 44. Bxa3 Ne8 45. Bb2 Qe7 46. Qf3 Nd6 47. Kg2 Nf7 48. Kf2 Kg7 49. Ke2 Qd7 50. g4 Qa7 51. Qb3 Qa6 52. Qb5 Qxb5 1/2-1/2

[Event "Garmisch Partenkirchen"]
[Site "Garmisch Partenkirchen"]
[Date "1994.??.??"]
[Round "?"]
[White "Short, Nigel D"]
[Black "Lobron, Eric"]
[Result "1/2-1/2"]
[WhiteElo "2655"]
[BlackElo "2570"]
[PlyCount "104"]
[EventDate "1994.??.??"]
[Source "www.chesslib.no"]
[SourceDate "2004.05.04"]

1. e4 e5 2. Nf3 Nc6 3. Nc3 Nf6 4. Bb5 Bb4 5. O-O O-O 6. d3 d6 7. Bg5 Bxc3 8. bxc3 h6 9. Bh4 Qe7 10. Re1 Bd7 11. Rb1 Kh8 12. Qc1 Rg8 13. d4 g5 14. Bg3 a6 15. Bxc6 Bxc6 16. dxe5 Nxe4 17. exd6 cxd6 18. Nd4 Qd7 19. c4 Rae8 20. Rb3 Kh7 21. f3 Nxg3 22. hxg3 Re5 23. Rbe3 Rge8 24. c3 Kg8 25. g4 Qd8 26. Nf5 Qf6 27. Qd2 R8e6 28. Kf2 h5 29. Rxe5 Rxe5 30. Rxe5 dxe5 31. c5 hxg4 32. fxg4 Be4 33. Qd7 Kh7 34. g3 Bc6 35. Qd2 Kg6 36. Ke3 Qh8 37. Qd6+ Qf6 38. Qf8 Kh7 39. Qd6 Qe6 40. Qxe6 fxe6 41. Ne7 Bd5 42. a3 Kg7 43. c6 e4 44. Kf2 Kh6 45. Ke1 Bc4 46. Nd5 Ba2 47. c4 e5 48. Nb6 Kg6 49. c5 Be6 50. a4 a5 51. Nc8 Bb3 52. Nd6 Bc4 1/2-1/2

[Event "Hastings"]
[Site "?"]
[Date "1991.??.??"]
[Round "?"]
[White "Chandler, M."]
[Black "Agdestein, S."]
[Result "1-0"]
[WhiteElo "2605"]
[BlackElo "2590"]
[PlyCount "89"]
[EventDate "1991.??.??"]
[Source "ChessBase"]
[SourceDate "1991.10.01"]

1. e4 e5 2. Nf3 Nc6 3. Nc3 Nf6 4. Bb5 Bb4 5. O-O O-O 6. d3 d6 7. Bg5 Bxc3 8. bxc3 Ne7 9. Nh4 Ne8 10. Bc4 Be6 11. Bxe6 fxe6 12. Qg4 Qd7 13. f4 exf4 14. Rxf4 Rxf4 15. Qxf4 Nf6 16. Bxf6 Rf8 17. Qe3 Rxf6 18. Qxa7 b6 19. Rf1 Rxf1+ 20. Kxf1 g5 21. Nf3 g4 22. Nd4 Ng6 23. Qb8+ Nf8 24. Ke1 Qf7 25. Qd8 Qf4 26. Ne2 Qxh2 27. Qg5+ Kf7 28. Qxg4 Qh1+ 29. Kd2 Qa1 30. Qh5+ Kg7 31. Qg5+ Ng6 32. Nc1 Qb1 33. Qd8 Qb5 34. Qxc7+ Kh6 35. Qd8 Qc5 36. Ne2 Qf2 37. Qxd6 Qxg2 38. Qxe6 Kg7 39. Qxb6 h5 40. Qg1 Qf3 41. Qa7+ Kg8 42. Qe3 Qf6 43. Qh6 h4 44. a4 Qe6 45. a5 1-0

[Event "Corus-B"]
[Site "Wijk aan Zee"]
[Date "2002.01.21"]
[Round "6"]
[White "Jonkman, Harmen"]
[Black "Sokolov, Ivan"]
[Result "1/2-1/2"]
[WhiteElo "2498"]
[BlackElo "2659"]
[PlyCount "90"]
[EventDate "2002.01.15"]
[Source "ChessBase"]
[SourceDate "2002.03.21"]

1. e4 e5 2. Nf3 Nc6 3. Nc3 Nf6 4. Bb5 Bb4 5. O-O O-O 6. d3 d6 7. Bg5 Bxc3 8. bxc3 Qe7 9. Re1 Nd8 10. d4 Ne6 11. Bc1 c5 12. Bf1 Rd8 13. d5 Nf8 14. g3 Ng6 15. a4 h6 16. c4 Nh7 17. Nd2 f5 18. exf5 Bxf5 19. Bd3 Qd7 20. Bxf5 Qxf5 21. Ne4 Rd7 22. Ra3 Rf8 23. Qe2 Nf6 24. f3 Nxe4 25. Qxe4 Qh5 26. h3 Rdf7 27. Kg2 Ne7 28. Bd2 Nf5 29. g4 Qg6 30. Kh2 Nh4 31. Qxg6 Nxg6 32. Kg3 h5 33. Bg5 hxg4 34. hxg4 Nf4 35. a5 Kh7 36. Rb3 Kg6 37. Bxf4 Rxf4 38. Re4 R8f7 39. Rxf4 exf4+ 40. Kf2 Re7 41. Rb1 Kf6 42. Re1 Rxe1 43. Kxe1 Ke5 44. c3 Kf6 45. Ke2 g5 1/2-1/2

[Event "Cup Cro"]
[Site "Cup Croatia Pula Cro"]
[Date "1996.??.??"]
[Round "?"]
[White "Mohr, Georg"]
[Black "Almasi, Zoltan"]
[Result "0-1"]
[WhiteElo "2495"]
[BlackElo "2650"]
[PlyCount "92"]
[EventDate "1996.??.??"]
[Source "www.chesslib.no"]
[SourceDate "2004.05.04"]

1. e4 e5 2. Nf3 Nc6 3. Nc3 Nf6 4. Bb5 Bb4 5. O-O O-O 6. d3 Bxc3 7. bxc3 d6 8. Bg5 h6 9. Bh4 Bd7 10. Rb1 Qe7 11. Ba4 Rab8 12. Nd2 Be6 13. Bb3 Na5 14. Bxe6 fxe6 15. Nb3 Nc6 16. Nd2 Qf7 17. Nc4 Nh5 18. Ne3 Qg6 19. Qg4 Qxg4 20. Nxg4 Nf4 21. Rfe1 Ng6 22. g3 Nxh4 23. gxh4 Rf4 24. Ne3 Rxh4 25. Ng2 Rh3 26. Re3 Rxe3 27. fxe3 b6 28. Kf2 Rf8+ 29. Kg3 Ne7 30. c4 Kh7 31. Nh4 Ng8 32. Nf3 Nf6 33. a4 a5 34. c5 Nd7 35. cxd6 cxd6 36. Nd2 Rc8 37. Rg1 Rc6 38. Kh3 Rc7 39. Rh1 Nf6 40. Rd1 Nh5 41. Ra1 b5 42. Rh1 Rc3 43. Nc4 bxa4 44. Nb2 a3 45. Nc4 Kh8 46. Rg1 Rxc2 0-1

[Event "CRO-Cup"]
[Site "?"]
[Date "1996.??.??"]
[Round "?"]
[White "Mohr Georg"]
[Black "Almasi Zoltan"]
[Result "0-1"]
[WhiteElo "2495"]
[BlackElo "2650"]
[PlyCount "92"]
[EventDate "1996.??.??"]
[Source "www.chesslib.no"]
[SourceDate "2004.05.04"]

1. e4 e5 2. Nf3 Nc6 3. Nc3 Nf6 4. Bb5 Bb4 5. O-O O-O 6. d3 Bxc3 7. bxc3 d6 8. Bg5 h6 9. Bh4 Bd7 10. Rb1 Qe7 11. Ba4 Rab8 12. Nd2 Be6 13. Bb3 Na5 14. Bxe6 fxe6 15. Nb3 Nc6 16. Nd2 Qf7 17. Nc4 Nh5 18. Ne3 Qg6 19. Qg4 Qxg4 20. Nxg4 Nf4 21. Rfe1 Ng6 22. g3 Nxh4 23. gxh4 Rf4 24. Ne3 Rxh4 25. Ng2 Rh3 26. Re3 Rxe3 27. fxe3 b6 28. Kf2 Rf8+ 29. Kg3 Ne7 30. c4 Kh7 31. Nh4 Ng8 32. Nf3 Nf6 33. a4 a5 34. c5 Nd7 35. cxd6 cxd6 36. Nd2 Rc8 37. Rb2 Rc6 38. Nc4 d5 39. exd5 exd5 40. Nd2 Nc5 41. Rb5 Nxa4 42. Rxd5 Rxc2 43. Ne4 Nc5 44. Rxe5 a4 45. Nxc5 Rxc5 46. Re6 Rb5 0-1

[Event "NED-ch"]
[Site "NED"]
[Date "1994.??.??"]
[Round "5"]
[White "Nijboer, Friso"]
[Black "Van der Sterren, Paul"]
[Result "1-0"]
[WhiteElo "2530"]
[BlackElo "2605"]
[PlyCount "51"]
[EventDate "1994.06.??"]
[Source "ChessBase"]

1. e4 e5 2. Nf3 Nc6 3. Nc3 Nf6 4. Bb5 Bb4 5. O-O O-O 6. d3 d6 7. Bg5 Bxc3 8. bxc3 h6 9. Bh4 Bd7 10. Rb1 a6 11. Ba4 b6 12. d4 Re8 13. Qd3 Nxd4 14. Nxd4 Bxa4 15. Nf5 Re6 16. f4 Qf8 17. Nxh6+ gxh6 18. f5 Ree8 19. Bxf6 d5 20. exd5 Kh7 21. Qe4 Bb5 22. Rf3 Qc5+ 23. Kh1 Qc4 24. Qe3 Qe2 25. Re1 Qxe3 26. Rexe3 1-0

[Event "ESP Team Ch"]
[Site "Cordoba ARG"]
[Date "1995.??.??"]
[Round "9"]
[White "Campora, Daniel H"]
[Black "Giorgadze, Giorgi"]
[Result "1/2-1/2"]
[WhiteElo "2525"]
[BlackElo "2590"]
[PlyCount "90"]
[EventDate "1995.??.??"]
[Source "www.chesslib.no"]
[SourceDate "2004.05.04"]

1. e4 e5 2. Nf3 Nc6 3. Nc3 Nf6 4. Bb5 Bb4 5. O-O O-O 6. d3 Bxc3 7. bxc3 d6 8. Re1 Qe7 9. d4 Bg4 10. h3 Bxf3 11. Qxf3 Nd7 12. Qd1 a6 13. Bf1 Na5 14. f4 c5 15. dxe5 dxe5 16. f5 Rfd8 17. Qf3 b5 18. g4 Nb6 19. g5 Rd6 20. Kh1 Nbc4 21. Bd3 Rad8 22. Rg1 Qd7 23. Kh2 g6 24. f6 Nd2 25. Bxd2 c4 26. Be2 Rxd2 27. Rgd1 Qc7 28. Rac1 h6 29. Qe3 Qd6 30. Kg3 Nb7 31. h4 Nc5 32. Kf2 Qb6 33. Kf1 Na4 34. Qg3 Qe6 35. Rxd2 Rxd2 36. Ke1 Rd8 37. Rd1 Rxd1+ 38. Bxd1 Nc5 39. Bf3 Qd6 40. Bg2 Ne6 41. Bh3 Nf4 42. Qe3 Qa3 43. Kd2 Qd6+ 44. Kc1 Qa3+ 45. Kd2 Qd6+ 1/2-1/2

[Event "Wichern op 5th"]
[Site "Hamburg"]
[Date "1999.10.22"]
[Round "9.1"]
[White "Yemelin, Vasily"]
[Black "Giorgadze, Giorgi"]
[Result "1/2-1/2"]
[WhiteElo "2500"]
[BlackElo "2602"]
[PlyCount "26"]
[EventDate "1999.10.15"]
[Source "www.chesslib.no"]
[SourceDate "2004.05.04"]

1. e4 e5 2. Nf3 Nc6 3. Nc3 Nf6 4. Bb5 Bb4 5. O-O O-O 6. d3 Bxc3 7. bxc3 d6 8. Bg5 Qe7 9. Re1 Nd8 10. d4 Ne6 11. Bc1 Rd8 12. a4 Nf8 13. Nh4 c6 1/2-1/2

[Event "Lloyds Bank Open"]
[Site "London ENG"]
[Date "1994.??.??"]
[Round "8"]
[White "Ivanov, Alexander"]
[Black "Davies, Nigel R"]
[Result "1/2-1/2"]
[WhiteElo "2575"]
[BlackElo "2525"]
[PlyCount "70"]
[EventDate "1994.08.??"]
[Source "www.chesslib.no"]
[SourceDate "2004.05.04"]

1. e4 e5 2. Nf3 Nc6 3. Nc3 Nf6 4. Bb5 Bb4 5. O-O O-O 6. d3 d6 7. Bxc6 bxc6 8. Ne2 Bg4 9. Ng3 Nh5 10. Nf5 Re8 11. h3 Bxf5 12. exf5 Nf6 13. c3 Bc5 14. Bg5 h6 15. Bh4 e4 16. Nh2 e3 17. fxe3 Bxe3+ 18. Kh1 Bg5 19. Bxg5 hxg5 20. Qf3 Rb8 21. Rf2 c5 22. Qg3 c4 23. Ng4 cxd3 24. Nxf6+ Qxf6 25. Qxd3 Re5 26. Raf1 Rbe8 27. Qa6 g4 28. hxg4 Re4 29. Rf3 Rxg4 30. Rh3 Rh4 31. Rxh4 Qxh4+ 32. Kg1 Qg3 33. Qxa7 Re2 34. Rf2 Re1+ 35. Rf1 Re2 1/2-1/2

[Event "Elista ol (Men)"]
[Site "Elista"]
[Date "1998.10.03"]
[Round "5"]
[White "Istratescu, Andrei"]
[Black "Sulskis, Sarunas"]
[Result "1/2-1/2"]
[WhiteElo "2540"]
[BlackElo "2555"]
[PlyCount "61"]
[EventDate "1998.09.29"]
[Source "ChessBase"]
[SourceDate "1998.11.06"]

1. e4 e5 2. Nf3 Nc6 3. Nc3 Nf6 4. Bb5 Bb4 5. O-O O-O 6. d3 d6 7. Bg5 Bxc3 8. bxc3 Ne7 9. Re1 Ng6 10. d4 h6 11. Bc1 c5 12. Bf1 Re8 13. d5 Nh7 14. Nd2 f5 15. exf5 Bxf5 16. Bd3 Bxd3 17. cxd3 Nf6 18. Ne4 Rf8 19. Rb1 Rf7 20. c4 Kh7 21. a4 Qd7 22. a5 Raf8 23. Be3 Nxe4 24. dxe4 Nf4 25. Rb2 g5 26. Qb1 Rg7 27. Qd1 Qe8 28. Qc2 Qh5 29. Qd1 Qg6 30. Qc2 Qh5 31. Qd1 1/2-1/2

[Event "Women-Veterans"]
[Site "Prague"]
[Date "1995.??.??"]
[Round "1"]
[White "Spassky, Boris V"]
[Black "Xie Jun"]
[Result "1/2-1/2"]
[WhiteElo "2555"]
[BlackElo "2540"]
[PlyCount "44"]
[EventDate "1995.07.??"]
[Source "ChessBase"]

1. e4 e5 2. Nf3 Nc6 3. Nc3 Nf6 4. Bb5 Bb4 5. O-O O-O 6. d3 Bxc3 7. bxc3 d6 8. Bg5 Qe7 9. Bxc6 bxc6 10. Nd2 h6 11. Bh4 Qe6 12. Bg3 Qg4 13. f4 exf4 14. Qxg4 Bxg4 15. Bxf4 Nd7 16. Nb3 c5 17. Na5 Be6 18. Nc6 Rfe8 19. Rab1 Nb6 20. c4 Bd7 21. Na5 Rab8 22. Bd2 Ba4 1/2-1/2

[Event "Goodricke 12th op"]
[Site "Calcutta"]
[Date "2001.02.08"]
[Round "3"]
[White "Gallagher, Joseph G"]
[Black "Kunte, Abhijit"]
[Result "1/2-1/2"]
[WhiteElo "2519"]
[BlackElo "2568"]
[PlyCount "36"]
[EventDate "2001.02.06"]
[Source "ChessBase"]
[SourceDate "2001.05.17"]

1. e4 e5 2. Nf3 Nc6 3. Nc3 Nf6 4. Bb5 Bb4 5. O-O O-O 6. d3 d6 7. Bg5 Bxc3 8. bxc3 Qe7 9. Re1 Nd8 10. d4 Ne6 11. Bc1 Rd8 12. Bf1 Nf8 13. a4 Ng6 14. g3 h6 15. Bg2 a5 16. Qe2 Be6 17. h3 Qe8 18. Kh2 Rdc8 1/2-1/2

[Event "LXI Lega superiore camp. russo"]
[Site "Novokuznetsk RUS"]
[Date "2008.09.12"]
[Round "9"]
[White "Vorobiov, E."]
[Black "Chadaev, N."]
[Result "0-1"]
[WhiteElo "2550"]
[BlackElo "2535"]
[PlyCount "82"]
[EventDate "2008.09.03"]
[Source "www.chesslib.no"]
[SourceDate "2004.05.04"]

1. e4 e5 2. Nf3 Nc6 3. Nc3 Nf6 4. Bb5 Bb4 5. O-O O-O 6. d3 Bxc3 7. bxc3 d6 8. Bg5 Ne7 9. Nh4 c6 10. Bc4 Ne8 11. d4 Qc7 12. Bb3 c5 13. Qd3 Rb8 14. a4 cxd4 15. cxd4 Nc6 16. dxe5 dxe5 17. Rfd1 Bg4 18. f3 Be6 19. Nf5 Bxf5 20. exf5 Nd4 21. Be3 Rd8 22. Bxd4 Rxd4 23. Qe3 Rf4 24. Qxa7 Nf6 25. a5 Qc8 26. Rd6 e4 27. fxe4 Nxe4 28. Rd5 Nf6 29. Rd3 Qxf5 30. a6 h5 31. axb7 Qe5 32. Qa5 Qe7 33. Qa7 Qe5 34. Re3 Qd6 35. Bxf7+ Kh7 36. Re8 Rxe8 37. Bxe8 Rb4 38. c3 Rb2 39. Qe3 Ng4 40. Qe4+ Kh8 41. g3 Qd2 0-1

[Event "SUI-chT"]
[Site "SUI"]
[Date "1996.??.??"]
[Round "5"]
[White "Gallagher, Joseph G"]
[Black "Godena, Michele"]
[Result "1/2-1/2"]
[WhiteElo "2530"]
[BlackElo "2550"]
[PlyCount "56"]
[EventDate "1996.??.??"]
[Source "ChessBase"]

1. e4 e5 2. Nf3 Nc6 3. Nc3 Nf6 4. Bb5 Bb4 5. O-O O-O 6. d3 d6 7. Bg5 Bxc3 8. bxc3 h6 9. Bh4 Bd7 10. Bc4 Be6 11. Bb3 Qe7 12. Qc1 Bxb3 13. axb3 Qe6 14. Re1 Nd7 15. d4 Qg6 16. d5 Ncb8 17. Be7 Re8 18. Nh4 Qh7 19. Nf5 f6 20. Bxd6 cxd6 21. Nxd6 Rf8 22. Nxb7 f5 23. Nd6 f4 24. f3 Qg6 25. Qa3 a5 26. Nf5 Qb6+ 27. Kh1 Ra6 28. Qe7 Rf7 1/2-1/2

[Event "Biel (open)"]
[Site "?"]
[Date "1999.??.??"]
[Round "?"]
[White "Sturua, Z."]
[Black "Mikhalevski, A."]
[Result "1-0"]
[WhiteElo "2600"]
[BlackElo "2470"]
[PlyCount "107"]
[EventDate "1999.??.??"]
[Source "Chess Informant"]
[SourceDate "1999.06.01"]

1. e4 e5 2. Nf3 Nc6 3. Nc3 Nf6 4. Bb5 Bb4 5. O-O O-O 6. d3 d6 7. Bg5 Bxc3 8. bxc3 Qe7 9. Re1 Nd8 10. d4 Ne6 11. Bc1 c6 12. Bf1 Qc7 13. Nh4 Re8 14. g3 h6 15. f4 Qa5 16. Bd2 Nf8 17. c4 Qd8 18. fxe5 dxe5 19. d5 Bg4 20. Qc1 b5 21. cxb5 cxd5 22. exd5 Nxd5 23. c4 Rc8 24. a4 e4 25. Ra3 Qf6 26. a5 Nd7 27. Qa1 Qxa1 28. Rexa1 e3 29. Be1 e2 30. cxd5 exf1=Q+ 31. Kxf1 Be2+ 32. Kg1 Bxb5 33. Nf5 Re5 34. Nd6 Rb8 35. Bf2 a6 36. Ba7 Ra8 37. Nxb5 axb5 38. Bf2 Ra6 39. Rd3 Kf8 40. Bd4 Rf5 41. Bc3 Nf6 42. d6 Rd5 43. Rxd5 Nxd5 44. Rd1 Rxd6 45. Bb4 Nxb4 46. Rxd6 Ke7 47. a6 Kxd6 48. a7 Nd5 49. a8=Q Kc5 50. Kf2 b4 51. Ke2 Kc4 52. Kd2 f6 53. Qc8+ Kd4 54. Qg4+ 1-0

[Event "XXVI Open di Andorra"]
[Site "La Massana AND"]
[Date "2008.07.25"]
[Round "7"]
[White "Edouard, R."]
[Black "Howell, D."]
[Result "0-1"]
[WhiteElo "2508"]
[BlackElo "2561"]
[PlyCount "116"]
[EventDate "2008.07.19"]
[Source "www.chesslib.no"]
[SourceDate "2004.05.04"]

1. e4 e5 2. Nf3 Nc6 3. Nc3 Nf6 4. Bb5 Bb4 5. O-O O-O 6. d3 d6 7. Bg5 Bxc3 8. bxc3 Bd7 9. d4 h6 10. Bh4 Qe7 11. Re1 Rad8 12. Rb1 b6 13. Qd3 Nb8 14. Bxd7 Nbxd7 15. Nd2 Qe6 16. Nf1 Qg4 17. Bg3 Qg6 18. f3 Nh5 19. Bh4 Nf4 20. Qd2 Rc8 21. Ng3 Qe6 22. Nf5 Ng6 23. Rbd1 Nxh4 24. Nxh4 Nf6 25. d5 Qd7 26. Nf5 Kh7 27. c4 Rce8 28. g4 Ng8 29. h4 Ne7 30. h5 Nxf5 31. exf5 g6 32. fxg6+ fxg6 33. Qd3 Rf6 34. Rd2 Kg7 35. hxg6 Ref8 36. Re3 Rf4 37. Rh2 R8f6 38. Rh3 Qe8 39. Kg2 a5 40. Rh1 Qxg6 41. Rhe1 Qf7 42. Rh1 Rd4 43. Qe2 Rff4 44. Rh5 Rxc4 45. Rhxe5 dxe5 46. Rxe5 Kf8 47. Re6 Rcd4 48. Qe5 Rxg4+ 49. Kf2 Rdf4 50. Qh8+ Rg8 51. Qxh6+ Rg7 52. Qh8+ Qg8 53. Qh6 Rff7 54. d6 Qh7 55. dxc7 Qxc2+ 56. Ke1 Qc3+ 57. Kd1 Qxf3+ 58. Kc2 Rxc7+ 0-1

[Event "Island"]
[Site "?"]
[Date "1996.??.??"]
[Round "?"]
[White "Hjartarson, J."]
[Black "Rausis, I."]
[Result "1-0"]
[WhiteElo "2565"]
[BlackElo "2495"]
[PlyCount "93"]
[EventDate "1996.??.??"]
[Source "ChessBase"]
[SourceDate "1996.10.01"]

1. e4 e5 2. Nf3 Nc6 3. Nc3 Nf6 4. Bb5 Bb4 5. O-O O-O 6. d3 Bxc3 7. bxc3 d6 8. Bg5 Ne7 9. Nh4 Ng6 10. Nxg6 fxg6 11. Bc4+ Kh8 12. f3 Qe7 13. Rb1 b6 14. d4 Be6 15. Qd3 h6 16. Bd2 c5 17. Bxe6 Qxe6 18. a4 Rac8 19. d5 Qe8 20. Qa6 Rc7 21. a5 Qa4 22. Qb5 Qxa5 23. Qxa5 bxa5 24. Rb5 Nd7 25. c4 a4 26. Ba5 Nb6 27. Ra1 Rb7 28. Rxa4 Rfb8 29. Bxb6 axb6 30. Kf2 g5 31. Ra6 Kg8 32. Ke3 Kf7 33. Kd2 Ke7 34. Kc3 Kd7 35. Kb3 Kc7 36. Ka4 Rf8 37. Rb3 g4 38. Kb5 h5 39. Rba3 h4 40. Ra8 Rf7 41. fxg4 Rf1 42. Rg8 Rb1+ 43. Ka6 Rb8 44. Rxg7+ Kd8 45. Ka7 Rc8 46. Kb7 b5 47. Rb3 1-0

[Event "GER CupT"]
[Site "GER"]
[Date "1992.??.??"]
[Round "?"]
[White "Hort, Vlastimil"]
[Black "Brunner, Lucas"]
[Result "1/2-1/2"]
[WhiteElo "2560"]
[BlackElo "2500"]
[PlyCount "63"]
[EventDate "1992.??.??"]
[Source "www.chesslib.no"]
[SourceDate "2004.05.04"]

1. e4 e5 2. Nf3 Nc6 3. Nc3 Nf6 4. Bb5 Bb4 5. O-O O-O 6. d3 d6 7. Bg5 Bxc3 8. bxc3 Qe7 9. Re1 Nd8 10. d4 Ne6 11. Bc1 c5 12. a4 Rd8 13. Bc4 Nf8 14. Ng5 Ne6 15. Rb1 Rb8 16. a5 h6 17. Nxe6 Bxe6 18. d5 Bd7 19. h3 g5 20. Bd2 Nh7 21. Rb3 Kg7 22. Qf3 Rf8 23. Bd3 f6 24. Reb1 Bc8 25. Qg3 Kh8 26. Qf3 Rf7 27. c4 Nf8 28. Qh5 Kg7 29. h4 Ng6 30. g3 Qd7 31. Bf1 Qg4 32. Qxg4 1/2-1/2

[Event "Dubai ol (Men)"]
[Site "Dubai UAE"]
[Date "1986.??.??"]
[Round "12"]
[White "Martin Gonzalez, Angel"]
[Black "Jussupow, Artur M"]
[Result "0-1"]
[WhiteElo "2415"]
[BlackElo "2645"]
[PlyCount "32"]
[EventDate "1986.11.??"]
[Source "www.chesslib.no"]
[SourceDate "2004.05.04"]

1. e4 e5 2. Nf3 Nc6 3. Nc3 Nf6 4. Bb5 Bb4 5. O-O O-O 6. d3 d6 7. Bg5 Bxc3 8. bxc3 Qe7 9. Bxc6 bxc6 10. h3 h6 11. Bd2 Nh7 12. Qe2 f5 13. exf5 Bxf5 14. Nd4 Bg6 15. Qg4 Qe8 16. Ne6 h5 0-1